| 000 | 00707nam a2200289Ia 4500 | ||
|---|---|---|---|
| 005 | 20260324113741.0 | ||
| 008 | 008 260324s9999 xx 000 0 eng d | ||
| 020 | _a9781003293842 | ||
| 037 | _aEBOOK | ||
| 040 | _aCRL | ||
| 040 | _beng | ||
| 040 | _cCRL | ||
| 041 | _2eng | ||
| 041 | _aeng | ||
| 084 | _qCRL | ||
| 100 |
_aManousos E. Kambouris _91148023 |
||
| 245 | 0 | _aBiosecurity in the Making | |
| 245 | 4 | _bThe Threats, the Aspects and the Challenge of Readiness | |
| 260 | _bTaylor and Francis | ||
| 260 | _c2023 | ||
| 365 | _a | ||
| 365 | _b240 | ||
| 856 | _uhttp://www.taylorfrancis.com/books/9781003293842 | ||
| 942 | _cEBOOK | ||
| 999 |
_c1737837 _d1737837 |
||